000 00526nam a22001697a 4500
005 20260617161147.0
020 _a9788198510884
041 _aEnglish
082 _aT16 R25 STE
100 _aStephen Jeyaseela
245 _aThamizhagathin Kaalaniya Kattumaanathil Theyilai, Kaapikottai Mattrum Pugaiyilai Arimugamum Varthegamum, Pala Vagaiyaana Mathupaanangal Vanigamum Nugarvum, Samoogathin Seerazhivum, 1545-1877
250 _a01
260 _aChennai
_bNCBH
_c2025
300 _a158
365 _b140.00
942 _cBK
999 _c177919
_d177919